Loading...
| Fine Arts - Classical Music | 0 | 2 | 0 | 0 | 20 | 102 | 114.00 | 0 | 0 | 1.05 | 5.00 |
| History - American | 0 | 2 | 0 | 2 | 20 | 113 | 116.00 | 0 | 0 | 1.52 | 5.83 |
| Science - Other | 0 | 2 | 0 | 2 | 20 | 117 | 124.50 | 0 | 0 | 0.33 | 9.17 |
| Social Science | 0 | 2 | 0 | 0 | 20 | 34 | 57.50 | 1 | 1 | 8.69 | 11.67 |
| Science - Chemistry | 0 | 1 | 0 | 1 | 10 | 95 | 95.00 | 0 | 0 | 0.59 | 1.67 |
| Popular Culture | 0 | 1 | 0 | 0 | 10 | 105 | 105.00 | 0 | 0 | 6.82 | 19.44 |
| Science - Biology | 0 | 1 | 1 | 1 | 5 | 126 | 126.00 | 0 | 0 | 0.00 | 0.83 |
| Science - Physics | 0 | 1 | 1 | 0 | 5 | 130 | 130.00 | 0 | 0 | 0.00 | 1.00 |
| Religion | 0 | 0 | 0 | 0 | 0 | 0.00 | 0 | 0 | 0.00 | 0.00 | |
| History - World | 0 | 0 | 1 | 0 | -5 | 0.00 | 0 | 0 | 0.00 | 0.00 |